Statistics for Name the Figure

Click here to take the quiz!

General Stats

  • This quiz has been taken 51 times
  • The average score is 9 of 10

Answers on the Map

Answers color-coded by a green-red scale on the quiz's map according to % correct below.
 

Answer Stats

Answer% Correct
Star
98%
Triangle
98%
Circle
96%
Square
96%
Ellips
90%
Rectangle
88%
Diamond
86%
Pentagon
78%
Trapezium
67%
Parallellogram
63%

Score Distribution

Percentile by Number Answered

Percent of People with Each Score

Your Score History

You have not taken this quiz